[Event "AGAH"]
[Site "SchemingMind.com"]
[Date "2019.03.28"]
[Round "-"]
[White "Phillip Beckett"]
[Black "capablanca"]
[Result "0-1"]
[WhiteCountry "ENG"]
[BlackCountry "GER"]
[WhiteElo "1559"]
[WhiteRD "53"]
[BlackElo "1685"]
[BlackRD "60"]
[GameID "439739"]

1. a3 e5 2. e4 Nf6 3. Nc3 Bc5 4. Bc4 O-O 5. d3 d6 6. Nf3 Bg4 7. h3 Be6 8. Bxe6 fxe6 9. O-O a6 10. Be3 Bxe3
11. fxe3 Nbd7 12. Ng5 Qe7 13. Ne2 h6 14. Nf3 d5 15. exd5 exd5 16. Ng3 c6 17. Qe2 Rae8 18. Nf5 Qe6 19. e4 dxe4 20. dxe4 Nxe4
21. Qxe4 Qxf5 22. Rae1 Qxe4 23. Rxe4 Rf4 24. Rxf4 exf4 25. Nh4 g5 26. Nf3 Kg7 27. Re1 Rxe1+ 28. Nxe1 Kf6 29. Kf2 Kf5 30. Nd3 h5
31. Ne1 Ne5 32. c3 Ke4 33. Ke2 g4 34. hxg4 hxg4 35. Nc2 f3+ 36. gxf3+ gxf3+ 37. Kf2 Nd3+ 38. Kf1 Nxb2 39. Kf2 Nd1+ 40. Ke1 Nxc3
0-1

[Event "AGAH"]
[Site "SchemingMind.com"]
[Date "2019.03.28"]
[Round "-"]
[White "grabapawn"]
[Black "Phillip Beckett"]
[Result "0-1"]
[WhiteCountry "USA"]
[BlackCountry "ENG"]
[WhiteElo "1429"]
[WhiteRD "58"]
[BlackElo "1559"]
[BlackRD "53"]
[GameID "439740"]

1. a3 d5 2. d4 Nc6 3. Bf4 Bf5 4. e3 e6 5. c3 Bd6 6. Bg3 Bxg3 7. hxg3 Nf6 8. Bd3 Bxd3 9. Qxd3 Qd6 10. Nf3 O-O-O
11. Nbd2 h6 12. O-O-O Nd7 13. b4 a6 14. Kb2 Nb6 15. Nb3 Nc4+ 16. Ka2 a5 17. e4 axb4 18. e5 Qe7 19. cxb4 Kd7 20. Nbd2 Ra8
21. Nb1 Na7 22. Nbd2 Nxd2 23. Rxd2 c6 24. Rc1 Nb5 25. Rdc2 Rxa3+
0-1

[Event "AGAH"]
[Site "SchemingMind.com"]
[Date "2019.03.28"]
[Round "-"]
[White "echecs"]
[Black "Phillip Beckett"]
[Result "1-0"]
[WhiteCountry "ENG"]
[BlackCountry "ENG"]
[WhiteElo "1841"]
[WhiteRD "62"]
[BlackElo "1559"]
[BlackRD "53"]
[GameID "439741"]

1. a3 d5 2. d4 Nf6 3. Nf3 Bg4 4. e3 c5 5. c3 e6 6. Be2 Nc6 7. O-O cxd4 8. cxd4 Bd6 9. Nc3 a6 10. Bd2 Rc8
11. h3 Bh5 12. Rc1 O-O 13. b4 Na7 14. Nh2 Bxe2 15. Qxe2 Qd7 16. Ng4 Nxg4 17. Qxg4 f5 18. Qe2 b5 19. Na2 Rxc1 20. Nxc1 Rc8
21. Nd3 Qc7 22. Nc5 Bxc5 23. dxc5 Nc6 24. Bc3 a5 25. Qxb5 axb4 26. axb4 Rb8 27. Qa6 Nxb4 28. Qxe6+ Qf7 29. Qxf7+ Kxf7 30. Rb1 Nc6
31. Rb6 g6 32. Rxc6
1-0

[Event "AGAH"]
[Site "SchemingMind.com"]
[Date "2019.03.29"]
[Round "-"]
[White "Goz"]
[Black "Phillip Beckett"]
[Result "0-1"]
[WhiteCountry "ENG"]
[BlackCountry "ENG"]
[WhiteElo "1519"]
[WhiteRD "78"]
[BlackElo "1578"]
[BlackRD "52"]
[GameID "439742"]

1. a3 d5 2. d4 Nf6 3. Nc3 e6 4. e3 c5 5. Bb5+ Bd7 6. Nge2 a6 7. Ba4 Nc6 8. O-O cxd4 9. exd4 b5 10. Bb3 Na5
11. Ba2 Nc4 12. b4 Be7 13. Bxc4 dxc4 14. Ng3 O-O 15. Nce2 Bc6 16. f3 Nd5 17. c3 Bg5 18. Bxg5 Qxg5 19. Qb1 Nf4 20. Qc2 Nxe2+
21. Qxe2 a5 22. Ne4 Bxe4 23. fxe4 f6 24. Rf3 axb4 25. cxb4 Ra4 26. Raf1 Rfa8 27. d5 exd5 28. Rf5 Qg6 29. exd5 Rxa3 30. Qe6+ Kh8
31. Qb6 Ra2 32. g3 Qh6 33. R1f2 Qh3 34. d6 Ra1+ 35. Rf1 Qxf5 36. Qf2 Rxf1+ 37. Qxf1 Qxf1+ 38. Kxf1 Rd8 39. Ke2 Rxd6 40. h4 Kg8
0-1

[Event "AGAH"]
[Site "SchemingMind.com"]
[Date "2019.03.28"]
[Round "-"]
[White "Phillip Beckett"]
[Black "JAHI"]
[Result "0-1"]
[WhiteCountry "ENG"]
[BlackCountry "INT"]
[WhiteElo "1578"]
[WhiteRD "52"]
[BlackElo "2112"]
[BlackRD "80"]
[GameID "439743"]

1. a3 f6 2. e4 d6 3. Nf3 Bg4 4. d4 e6 5. Nc3 d5 6. exd5 exd5 7. Be2 Bxf3 8. Bxf3 c6 9. O-O Bd6 10. Bh5+ g6
11. Re1+ Ne7 12. Bf3 Qc7 13. g3 Kd8 14. Be3 Na6 15. Qd3 Qd7 16. Rad1 Kc7 17. Bg2 Rae8 18. Na4 Kb8 19. b4 Nc7 20. Nc5 Bxc5
21. bxc5 Ka8 22. Rb1 h6 23. Qb3 Ne6 24. a4 h5 25. f4 h4 26. a5 a6 27. Qb6 h3 28. Bf1 Nc8 29. Bxa6 Nxb6 30. axb6 bxa6
31. b7+ Kb8 32. Bf2 Nxf4 33. gxf4 Qg4+ 34. Bg3 Qf3
0-1

[Event "AGAH"]
[Site "SchemingMind.com"]
[Date "2019.03.30"]
[Round "-"]
[White "splinter"]
[Black "Phillip Beckett"]
[Result "0-1"]
[WhiteCountry "CAN"]
[BlackCountry "ENG"]
[WhiteElo "1797"]
[WhiteRD "74"]
[BlackElo "1559"]
[BlackRD "53"]
[GameID "439744"]

1. a3 d5 2. Nf3 c5 3. g3 Nc6 4. Bg2 e5 5. O-O f6 6. d3 Be6 7. Bd2 Qd7 8. c3 O-O-O 9. b4 d4 10. b5 Nb8
11. c4 b6 12. a4 g5 13. a5 Bh3 14. axb6 axb6 15. Ra8 Bxg2 16. Kxg2 Qb7 17. Qa4 Qc7 18. Na3 Rd7 19. Ra1 h5 20. Nc2 Kd8
21. Qb3 Bd6 22. Kg1 Nh6 23. R1a4 h4 24. Qa2 Qc8 25. Bc1 hxg3 26. fxg3 Ng4 27. e4 Rdh7 28. Nce1 Nxh2 29. Nxh2 Qh3 30. Qg2 Qxh2+
31. Qxh2 Rxh2
0-1

[Event "AGAH"]
[Site "SchemingMind.com"]
[Date "2019.03.30"]
[Round "-"]
[White "bishun"]
[Black "Phillip Beckett"]
[Result "1-0"]
[WhiteCountry "USA"]
[BlackCountry "ENG"]
[WhiteElo "1988"]
[WhiteRD "138"]
[BlackElo "1578"]
[BlackRD "52"]
[GameID "439746"]

1. a3 d5 2. Nf3 Nc6 3. Nc3 e5 4. d4 exd4 5. Nxd4 Nxd4 6. Qxd4 Nf6 7. Bg5 Be7 8. O-O-O c6 9. e4 O-O 10. exd5 Nxd5
11. Bxe7 Qxe7 12. Nxd5 cxd5 13. Bd3 Be6 14. Rhe1 Qg5+ 15. f4 Qf6 16. Qxf6 gxf6 17. f5 Bd7 18. Be4 Bc6 19. Bxd5 Bxd5 20. Rxd5 Rfd8
21. Rxd8+ Rxd8 22. Re7 Rb8 23. b4 Kf8 24. Rc7 Ke8 25. b5 a6 26. b6 Kf8 27. c4 Ke8 28. Kb2 Rd8 29. Rxb7 Rd4 30. Ra7 Rxc4
31. b7
1-0